000 02006nam a2200253Ia 4500
999 _c51752
_d51752
001 18744
003 GE_BSU
005 20210412173500.0
008 181216s2015||||ge |||||||||||||| ||geo||
040 _cGE_BSU
041 _ageo
080 _a61 ე-53
100 _aელგანდაშვილი, დავით
_911250
245 _aგასტროეზოფაგური შესართავის არასიმსივნური პათოლოგიების ლაპარასკოპიული და ღია ქირურგიული მეთოდებით მკურნალობის ოპტიმიზება= Optimizing the treatment gastroesophageal junction of bening pathologies by laparoscopic and open surgical methods.
_cდავით ელგანდაშვილი ; თბილისის სახელმწ. სამედიცინო უნ-ტი ; [სამეცნ. ხელმძღვ.: მერაბ მ. კილაძე, მერაბ ა. კილაძე].
264 _aთბილისი,
_c2015.
300 _a208 გვ.
_b30 სმ.
653 _aგასტროეზოფაგური შესართავის არასიმსივნური პათოლოგიების ლაპარასკოპიული და ღია ქირურგიული მეთოდებით მკურნალობის ოპტიმიზება
653 _aდისერტაცია
653 _aმედიცინა
700 _aკილაძე, მ
_eსამეცნიერო ხელმძღვანელი
_911251
700 _aკილაძე, ა
_eსამეცნიერო ხელმძღვანელი
_911252
710 _aთბილისის სახელმწიფო სამედიცინო უნივერსიტეტი.
_911253
942 _cBK
_2udc